Statistics for Capital Cities with the Least Precipitation

Click here to take the quiz!

General Stats

  • This quiz has been taken 6,893 times
    (6,854 since last reset)
  • The average score is 12 of 21

Answer Stats

cm/yr capital % Correct
2.47Cairo
90%
10.2Riyadh
81%
12.3Baghdad
80%
23.3Tehran
79%
5.71Abu Dhabi
71%
11.6Kuwait City
68%
7.52Doha
67%
13.1Damascus
67%
12.1Khartoum
63%
10.0Muscat
62%
26.5Sana'a
62%
24.5Amman
62%
26.7Ulaanbaatar
51%
7.08Manama
47%
28.2Santiago
40%
16.4Djibouti
37%
0.64Lima
37%
21.0Baku
31%
9.40Nouakchott
28%
20.1Ashgabat
24%
21.0Praia
8%

Score Distribution

Percentile by Number Answered

Percent of People with Each Score

Your Score History

You have not taken this quiz since the last reset